|
|
|
|
| LEADER |
00764nam a2200205 a 4500 |
| 001 |
00011673 |
| 008 |
111123s1995 ii 000 0 eng d |
| 040 |
|
|
|a BD-DhAAL
|c BD-DhAAL
|
| 082 |
0 |
0 |
|a 657.42
|2 20
|
| 100 |
1 |
|
|a Jain, S. P.,
|d 1940-
|
| 245 |
1 |
0 |
|a Advanced cost accounting /
|c by S.P. Jain and K.L. Narang
|
| 250 |
|
|
|a 7th rev. and enl
|
| 260 |
|
|
|a New Delhi :
|b Ludhiana Kalyani publishers JAI,
|c 1995.
|
| 300 |
|
|
|a 1 v. (Various pagings) ;
|c 21 cm.
|
| 541 |
|
|
|e 00011673
|
| 650 |
|
0 |
|a Cost Accounting
|
| 700 |
1 |
|
|a Narang, K. C.
|
| 852 |
1 |
|
|a Ayesha Abed Library
|c General shelf.
|
| 999 |
|
|
|c 11499
|d 11499
|
| 952 |
|
|
|0 0
|1 0
|2 ddc
|4 0
|6 657_420000000000000_JAI
|7 0
|9 18673
|a BRACUL
|b BRACUL
|c GEN
|d 2011-11-24
|l 1
|m 8
|o 657.42 JAI
|p 3010011673
|r 2018-04-04
|s 2018-01-21
|t 1
|w 2011-11-24
|y BK
|